Národohospodářské efekty privatizačního procesu v České republice

Analýza a vyhodnotenie kladných a záporných národohospodárskych efektov privatizačného procesu v Českej republike. Ekonomické teórie aplikovateľné na privatizačný proces.

Salvato in:
Dettagli Bibliografici
Autore principale: Zeman, Karel
Natura: Capitolo di libro
Lingua:ceco
Soggetti:
Tags: Aggiungi Tag
Nessun Tag, puoi essere il primo ad aggiungerne!!

MARC

LEADER 00000naa a2200000 4500
001 0212711
005 20231207125907.2
041 0 |a cze 
044 |a CZ 
245 1 0 |a Národohospodářské efekty privatizačního procesu v České republice  |c Karel Zeman 
520 |a Analýza a vyhodnotenie kladných a záporných národohospodárskych efektov privatizačného procesu v Českej republike. Ekonomické teórie aplikovateľné na privatizačný proces. 
610 2 0 |a Česko 
610 2 0 |a teórie ekonomické 
610 2 0 |a analýza ekonomická 
610 2 0 |a efektívnosť ekonomická 
610 2 0 |a privatizácia 
100 1 |a Zeman, Karel